| 000 | 00586nam a2200181Ia 4500 | ||
|---|---|---|---|
| 003 | GCL | ||
| 008 | 140319s9999 xx 000 0 ara d | ||
| 040 |
_aGCL / _cGCL |
||
| 082 | 0 | 4 |
_a811.009 _bم م |
| 100 | 1 | _aمدحت الجيار | |
| 245 | 1 | 0 |
_aمعركة المازنى وحافظ : الاوراق الكاملة 1915 - 1948 / _cمدحت الجيار |
| 300 | _a191 ص | ||
| 490 |
_aكتاب _v0 |
||
| 650 | 0 | 4 | _aحافظ ابراهيم |
| 650 | 0 | 4 | _aابراهيم عبدالقادر المازنى |
| 650 | 0 | 4 | _aالادب العربى - تاريخ ونقد |
| 942 |
_2ddc _cBK |
||
| 999 |
_c42975 _d42975 |
||